BIBLIOTECA PODER JUDICIAL
Portal Judicial TDF

Carga de familia : (Registro nro. 5914)

000 -LEADER
fixed length control field 01383nab a22002297a 4500
003 - CONTROL NUMBER IDENTIFIER
control field OSt
005 - DATE AND TIME OF LATEST TRANSACTION
control field 20260110023209.0
008 - FIXED-LENGTH DATA ELEMENTS--GENERAL INFORMATION
fixed length control field 190605e xxu||||| |||| 00| 0 spa d
040 ## - CATALOGING SOURCE
Transcribing agency PJ
100 ## - MAIN ENTRY--PERSONAL NAME
9 (RLIN) 6161
Personal name Ibarra Pérez, Oscar
245 10 - TITLE STATEMENT
Title Carga de familia :
Remainder of title su concepto y evolución a fines de aplicarse en las licencias por enfermedades inculpables de la LCT /
Statement of responsibility, etc Oscar Ibarra Pérez.
260 ## - PUBLICATION, DISTRIBUTION, ETC. (IMPRINT)
Place of publication, distribution, etc Ciudad Autónoma de Buenos Aires :
Name of publisher, distributor, etc Thomson Reuters La Ley,
Date of publication, distribution, etc 2023.
300 ## - PHYSICAL DESCRIPTION
Extent p. 193-200
500 ## - GENERAL NOTE
General note Cita: TR LALEY AR/DOC/2533/2023.<br/><br/>
505 ## - FORMATTED CONTENTS NOTE
Formatted contents note Sumario: I. Introducción.— II. El concepto de familia. Su carácter amplio y dinámico.— III. Ausencia de definición en la LCT. Integración amplia con fuentes supletorias: el Cód. Civil, la constitución, convenios OIT, tratados, jurisprudencia y principios del derecho laboral.— IV. ¿Qué significa carga de familia?— V. Efectos prácticos e impacto en las licencias por enfermedad.— VI. Conclusiones.
505 ## - FORMATTED CONTENTS NOTE
Title ¿Te interesa el texto completo? Solicitalo al correo: koha@justierradelfuego.gov.ar
650 #0 - SUBJECT ADDED ENTRY--TOPICAL TERM
9 (RLIN) 1316
Topical term or geographic name as entry element DERECHO LABORAL
650 #0 - SUBJECT ADDED ENTRY--TOPICAL TERM
9 (RLIN) 1394
Topical term or geographic name as entry element ASIGNACIONES FAMILIARES
650 #0 - SUBJECT ADDED ENTRY--TOPICAL TERM
9 (RLIN) 4432
Topical term or geographic name as entry element LICENCIAS ESPECIALES
773 0# - HOST ITEM ENTRY
Host Biblionumber 2711
Host Itemnumber 3168
Place, publisher, and date of publication Ciudad Autónoma de Buenos Aires : Thomson Reuters La Ley, 1999-2002.
Title Revista de derecho del trabajo. Nº 6 - Noviembre 2023
942 ## - ADDED ENTRY ELEMENTS (KOHA)
Source of classification or shelving scheme
Koha item type Analítica Artículo de Revista

No hay ítems disponibles.

12 de Octubre 789 Ushuaia - Tel:  54(02901)441571
Horario de Atención: 8.00 a 17.00 hs. 
bibliotecaush@justierradelfuego.gov.ar
koha@justierradelfuego.gov.ar
Seguinos en nuestras redes @bibliojustdf 

Con tecnología Koha